Music Quiz

Random Music or Bands Quiz

'L' Named Bands & Musicians Quiz Stats

 Plays Quiz Updated Jul 13, 2012

Challenge
Share
Tweet
Embed
Score 0/30 Timer 06:00
0 Plays Today
2 Hit Songs 'L' Band/Artist % Correct
Poker Face
Born This Way
Lady Gaga
95%
Imagine
Give Peace a Chance
John Lennon
89.6%
Black Dog
Stairway to Heaven
Led Zeppelin
84.6%
Girls Just Wanna Have Fun
True Colors
Cyndi Lauper
81%
Sweet Home Alabama
Free Bird
Lynyrd Skynyrd
80.7%
My Own Worst Enemy
Miserable
Lit
65.8%
Great Balls of Fire
Whole Lotta Shakin' Goin' On
Jerry Lee Lewis
63.6%
Footloose
Danger Zone
Kenny Loggins
59.3%
Tutti Fruitti
Rip It Up
Little Richard
56.4%
Complicated
I'm With You
Avril Lavigne
53.5%
One Step Closer
Numb
Linkin Park
51.6%
Mama Said Knock You Out
Head Sprung
LL Cool J
46.6%
Nookie
Rollin'
Limp Bizkit
44%
La Bamba
Don't Worry Baby
Los Lobos
41.8%
Lightning Crashes
I Alone
Live
38.9%
2 Hit Songs 'L' Band/Artist % Correct
Waiting for Tonight
Love Don't Cost a Thing
Jennifer Lopez
38.3%
Lollipop (w/Static Major)
A Milli
Lil Wayne
38.2%
I'm on a Boat
Jack Sparrow
The Lonely Island
38.2%
Hanging by a Moment
You and Me
Lifehouse
37.8%
No More I Love You's
Walking on Broken Glass
Annie Lennox
35.5%
Need You Now
Love Don't Live Here
Lady Antebellum
29.3%
Summer in the City
Do You Believe in Magic?
Lovin' Spoonful
28.3%
I'm Sorry
Rockin' Around the Christmas Tree
Brenda Lee
26.5%
Amazed
I'm Already There
Lonestar
25.6%
Whataya Want from Me
If I Had You
Adam Lambert
25.1%
Stand Up
Money Maker (w/Pharrell)
Ludacris
24.7%
Macarena
Tengo, Tengo
Los Del Rio
23.2%
Magic Stick (w/50 Cent)
Lighters Up
Lil' Kim
19.8%
Daft Punk is Playing at My House
All My Friends
LCD Soundsystem
12.3%
You Are the Best Thing
Trouble
Ray LaMontagne
6.7%

You're not logged in!

Compare scores with friends on all Sporcle quizzes.
Join for Free
OR
Log In

You Might Also Like...

Show Comments

Extras

Top Quizzes Today


Score Distribution

Your Account Isn't Verified!

In order to create a playlist on Sporcle, you need to verify the email address you used during registration. Go to your Sporcle Settings to finish the process.

Report this User

Report this user for behavior that violates our Community Guidelines.

Details: